|
|
|
|
| LEADER |
00000cas a2200000 a 4500 |
| 001 |
vtls009173817 |
| 003 |
SK-MaSNL |
| 005 |
20260228160634.0 |
| 008 |
080115d20082008xo wr p 0 b0slo c |
| 022 |
|
|
|a 1337-6772
|
| 035 |
|
|
|a (SVKBB)vtls000281036
|
| 040 |
|
|
|a SVKBB
|b slo
|c SVKBB
|d SAVUK
|e AACR2
|
| 041 |
0 |
|
|a slo
|
| 044 |
|
|
|a xo
|c SK
|
| 080 |
|
|
|a 32
|2 2001
|
| 080 |
|
|
|a 33
|2 2001
|
| 080 |
|
|
|a 316.3
|2 2001
|
| 080 |
|
|
|a 316.7
|2 2001
|
| 080 |
|
|
|a 050
|2 2001
|
| 210 |
0 |
|
|a Euro domino
|
| 222 |
|
0 |
|a Euro domino
|
| 245 |
0 |
0 |
|a Eurodomino
|b týždenník o politike, ekonomike, spoločnosti, filozofii, kultúre a civilizácii
|
| 246 |
3 |
3 |
|a Euro domino
|
| 260 |
|
|
|a Bratislava
|b Bratislava Media House
|c 2008
|
| 300 |
|
|
|a 1 zv.
|c 30 cm
|
| 310 |
|
|
|a 1x týždenne
|
| 362 |
0 |
|
|a Roč. I, č. 1-2 (09.01.2008)-roč. I, č. 18 (30.04.2008)
|
| 500 |
|
|
|a Od r. 2009 vychádza len online na internete
|
| 500 |
|
|
|a Šéfredaktorka: 2008, Nora Gubková
|
| 500 |
|
|
|a Reg. č.: MK SR 3879/2007
|
| 650 |
0 |
7 |
|a politika
|2 SNKPH
|9 968
|
| 650 |
0 |
7 |
|a ekonomika
|2 SNKPH
|9 789
|
| 650 |
0 |
7 |
|a spoločnosť
|2 SNKPH
|9 1013
|
| 650 |
0 |
7 |
|a kultúra
|2 SNKPH
|9 886
|
| 655 |
|
7 |
|a spoločenské časopisy
|2 SNKPH
|9 70515
|
| 700 |
1 |
|
|a Gubková, Nora
|4 pbd
|9 267045
|
| 780 |
0 |
2 |
|t Domino efekt
|x 1335-4426
|w vtls008948343
|
| 852 |
|
|
|a Štátna vedecká knižnica v Banskej Bystrici
|
| 856 |
4 |
1 |
|u http://www.euro-domino.eu
|
| 910 |
|
|
|a savuk
|
| 910 |
|
|
|a snk
|
| 999 |
|
|
|c 3161
|d 5091
|
| 952 |
|
|
|0 0
|1 0
|4 0
|7 0
|8 0
|a SNK
|b SNK
|d 2011-03-16
|f 1
|i snk2011/6004
|l 0
|o snkČSB 5715/1/2008
|p 17A0679026
|r 2026-02-21 19:56:43
|t č. 1-18
|w 2026-02-21
|y PREZ
|
| 952 |
|
|
|0 0
|1 0
|4 0
|7 0
|8 0
|a SNK
|b SNK
|d 2011-03-16
|i snk2011/6005
|l 0
|o snkČSB 5715/1/2008 D1
|p 17A0679027
|r 2026-02-21 19:56:43
|t č. 1-18
|w 2026-02-21
|y PREZ
|